000 00442nam a2200157 i 4500
001 41580
003 ES-MaACL
005 20230906160446.0
007 t|
008 030311m18551856sp ||||1| spa d
100 1 _aCarballo Wangüemert, Benigno.
_935012
245 1 0 _aCurso de economia política /
_cpor Benigno Carballo Wangüemert.
260 _aMadrid :
_b[s.n.,
_c1855-1856]
300 _a2 t. ;
_c22 cm.
852 _aES-MaACL
_jC-2647-48
999 _c41580
_d41580